000 005250000a22001930004500
020 _a958-8173-34-5
041 0 _aSPA
082 0 4 _aG 801.92 R9491s
100 1 _aCros, Edmond
245 1 0 _aEl sujeto cultural : sociocrítica y psicoanálisis / Edmond Cros
250 _a2 Ed. correg. y aum.
260 _aMedellín : Fondo Editorial Univ. EAFIT
300 _a247 Pag
001 12129
942 _cBK
999 _c41157
_d41157
336 _atexto
_btxt
_2rdacontent
337 _2rdamedia
_asin mediación
_bn
338 _2rdacarrier
_avolumen
_bnc